[Event "IND-ch Rapid"]
[Site "Nashik"]
[Date "2024.03.06"]
[Round "9"]
[White "Sammed Jaykumar, Shete"]
[Black "Hari, Madhavan NB"]
[Result "1-0"]
[WhiteElo "2262"]
[BlackElo "2218"]
[PlyCount "75"]
[EventDate "2024.03.04"]
[EventType "swiss (rapid)"]
[EventRounds "11"]
[EventCountry "IND"]
[SourceTitle "CB11_2024"]
[SourceDate "2024.03.13"]
[SourceVersion "1"]
[SourceVersionDate "2024.03.13"]
[SourceQuality "1"]

1. e4 c5 2. Nf3 e6 3. d4 cxd4 4. Nxd4 Nc6 5. Nc3 Nf6 6. Nxc6 bxc6 7. Bd3 e5 8. 0-0 Be7 9. f4 d6 10. h3 0-0 11. Kh1 exf4 12. Bxf4 Nd7 13. Bc4 Nb6 14. Bb3 Be6 15. Bxe6 fxe6 16. Qg4 Qd7 17. e5 d5 18. Ne2 Bc5 19. b3 Rf7 20. Bh2 Raf8 21. Rxf7 Qxf7 22. Nf4 Re8 23. Nd3 Be3 24. Re1 d4 25. Bg1 Nd5 26. c4 h5 27. Qg3 Nf4 28. Rxe3 dxe3 29. Nxf4 Qf5 30. Qxe3 Rd8 31. Ne2 Rd1 32. Nd4 Qf1 33. Nxe6 c5 34. Ng5 g6 35. Nf3 Ra1 36. Qd2 a6 37. e6 Qd1 38. Qf4 1-0

[Event "Titled Tuesday intern op 13th Feb Early"]
[Site "Chess.com INT"]
[Date "2024.02.13"]
[Round "6"]
[White "Hari, Madhavan NB"]
[Black "Indjic, Aleksandar"]
[Result "1/2-1/2"]
[WhiteElo "2395"]
[BlackElo "2595"]
[PlyCount "145"]
[EventDate "2024.02.13"]
[EventType "swiss (blitz)"]
[EventRounds "11"]
[EventCountry "USA"]
[SourceTitle "CB08_2024"]
[SourceDate "2024.02.21"]
[SourceVersion "1"]
[SourceVersionDate "2024.02.21"]
[SourceQuality "1"]

1. e4 c5 2. Nf3 Nc6 3. Bb5 e6 4. 0-0 Nge7 5. Re1 a6 6. Bf1 d5 7. exd5 Qxd5 8. Nc3 Qd8 9. a4 Nf5 10. d3 Be7 11. Ne4 b6 12. Bg5 Bb7 13. Bxe7 Qxe7 14. c3 Rd8 15. Qc2 0-0 16. Rad1 Nh4 17. Nxh4 Qxh4 18. Qb3 Ba8 19. Qxb6 Rb8 20. Qxc5 Rxb2 21. Re2 Rfb8 22. Qa3 Rxe2 23. Bxe2 h6 24. h3 f5 25. Ng3 f4 26. Ne4 Kh7 27. Bg4 Rd8 28. Qc5 Rd5 29. Qf8 Rd8 30. Qxf4 Qe7 31. d4 Kh8 32. Nc5 e5 33. Qe3 a5 34. Bf3 exd4 35. Qxe7 Nxe7 36. Bxa8 Rxa8 37. Rxd4 Rc8 38. Ne4 Rb8 39. Rd7 Ng6 40. Rd5 Rb1+ 41. Kh2 Re1 42. Ng3 Rc1 43. Ne4 Re1 44. f3 Nf4 45. Rxa5 Re2 46. Kg3 g5 47. Kg4 Rxg2+ 48. Kf5 Rb2 49. Ra6 Kg7 50. Ra7+ Kf8 51. Rh7 Rb6 52. Nf6 Rc6 53. Rxh6 Rc5+ 54. Kg4 Kg7 55. Ne4 Ra5 56. Rb6 Rxa4 57. Rb4 Ra7 58. Nxg5 Nd5 59. Rd4 Nxc3 60. h4 Nb5 61. Rd5 Nc3 62. Re5 Rd7 63. f4 Nd5 64. h5 Nf6+ 65. Kh4 Rd1 66. Re7+ Kg8 67. Ne4 Rh1+ 68. Kg5 Nxh5 69. f5 Kf8 70. f6 Nxf6 71. Kxf6 Rh6+ 72. Kg5 Kxe7 73. Kxh6 1/2-1/2

[Event "Titled Tuesday intern op 13th Feb Early"]
[Site "Chess.com INT"]
[Date "2024.02.13"]
[Round "9"]
[White "Hari, Madhavan NB"]
[Black "Kaliakhmet, Elnaz"]
[Result "1-0"]
[WhiteElo "2395"]
[BlackElo "2000"]
[PlyCount "55"]
[EventDate "2024.02.13"]
[EventType "swiss (blitz)"]
[EventRounds "11"]
[EventCountry "USA"]
[SourceTitle "CB08_2024"]
[SourceDate "2024.02.21"]
[SourceVersion "1"]
[SourceVersionDate "2024.02.21"]
[SourceQuality "1"]

1. e4 c5 2. Nf3 Nc6 3. Bb5 Nf6 4. e5 Nd5 5. 0-0 Nc7 6. Bxc6 dxc6 7. d3 Bg4 8. h3 Bxf3 9. Qxf3 Ne6 10. Re1 Qd5 11. Qd1 0-0-0 12. Nc3 Qd7 13. a4 f6 14. a5 Nd4 15. Ne4 Qd5 16. c4 Qxe5 17. Ng5 Qf5 18. Nf7 e5 19. Nxh8 Be7 20. Nf7 Rf8 21. Nxe5 fxe5 22. Be3 Bh4 23. Bxd4 cxd4 24. Rf1 Bxf2+ 25. Kh1 Qg5 26. b4 Rf4 27. Qe2 h5 28. Rxf2 1-0

[Event "Titled Tuesday intern op 13th Feb Early"]
[Site "Chess.com INT"]
[Date "2024.02.13"]
[Round "2"]
[White "Suyarov, Mukhammadzokhid"]
[Black "Hari, Madhavan NB"]
[Result "1/2-1/2"]
[WhiteElo "2407"]
[BlackElo "2395"]
[PlyCount "75"]
[EventDate "2024.02.13"]
[EventType "swiss (blitz)"]
[EventRounds "11"]
[EventCountry "USA"]
[SourceTitle "CB08_2024"]
[SourceDate "2024.02.21"]
[SourceVersion "1"]
[SourceVersionDate "2024.02.21"]
[SourceQuality "1"]

1. e4 e6 2. d4 d5 3. Nc3 Bb4 4. e5 Ne7 5. a3 Bxc3+ 6. bxc3 c5 7. Qg4 cxd4 8. cxd4 Qc7 9. Bd2 Qxc2 10. Qxg7 Rg8 11. Qh6 Nbc6 12. Nf3 Qb2 13. Rd1 Nxd4 14. Nxd4 Qxd4 15. Bb5+ Bd7 16. Bxd7+ Kxd7 17. 0-0 Qxe5 18. Rfe1 Qg7 19. Qh3 Nc6 20. Bf4 d4 21. Qf3 Rad8 22. Bg3 Kc8 23. Rc1 Rd5 24. Qf4 e5 25. Qf5+ Rd7 26. Rxe5 Qg6 27. Qf3 d3 28. Rec5 d2 29. Rxc6+ bxc6 30. Rxc6+ Kd8 31. Bh4+ f6 32. Bxf6+ Ke8 33. Qe3+ Kf8 34. Qc5+ Ke8 35. Qe5+ Kf8 36. Qc5+ Ke8 37. Qe3+ Kf8 38. Qc5+ 1/2-1/2

[Event "Titled Tuesday intern op 13th Feb Early"]
[Site "Chess.com INT"]
[Date "2024.02.13"]
[Round "10"]
[White "Szpar, Milosz"]
[Black "Hari, Madhavan NB"]
[Result "1/2-1/2"]
[WhiteElo "2495"]
[BlackElo "2395"]
[PlyCount "101"]
[EventDate "2024.02.13"]
[EventType "swiss (blitz)"]
[EventRounds "11"]
[EventCountry "USA"]
[SourceTitle "CB08_2024"]
[SourceDate "2024.02.21"]
[SourceVersion "1"]
[SourceVersionDate "2024.02.21"]
[SourceQuality "1"]

1. e4 e6 2. d4 d5 3. Nc3 Bb4 4. e5 Ne7 5. Bd2 c5 6. Nb5 Bxd2+ 7. Qxd2 0-0 8. f4 cxd4 9. Nf3 Nbc6 10. Nbxd4 f6 11. exf6 Rxf6 12. 0-0-0 Nxd4 13. Nxd4 Nc6 14. g3 Bd7 15. h4 Rc8 16. h5 Nxd4 17. Qxd4 Qa5 18. Kb1 h6 19. Bd3 Bb5 20. Bg6 Bc4 21. b3 Be2 22. Rd2 Bg4 23. Re1 Qc3 24. Re3 Qxd4 25. Rxd4 Kf8 26. Kb2 Rc6 27. Re5 Rd6 28. c4 Bf3 29. f5 Ke7 30. c5 Rc6 31. b4 a5 32. a3 axb4 33. Rxb4 Rxc5 34. Rxb7+ Kd6 35. Rxe6+ Rxe6 36. fxe6 Kxe6 37. Rxg7 d4 38. Rh7 Bxh5 39. Rxh6 Bxg6 40. Rxg6+ Kf5 41. Rd6 Ke4 42. Kb3 d3 43. Kb4 Rg5 44. a4 Rxg3 45. a5 Ke3 46. a6 Rg7 47. Kb5 d2 48. Rxd2 Kxd2 49. Kb6 Kc3 50. a7 Rxa7 51. Kxa7 1/2-1/2

[Event "Qatar Masters op"]
[Site "Doha"]
[Date "2023.10.18"]
[Round "7"]
[White "Hari, Madhavan NB"]
[Black "Tomaszewski, Kacper"]
[Result "1-0"]
[WhiteElo "2408"]
[BlackElo "2307"]
[PlyCount "91"]
[EventDate "2023.10.11"]
[EventType "swiss"]
[EventRounds "9"]
[EventCountry "QAT"]
[SourceTitle "Mega2024 Update 01"]
[Source "Chessbase"]
[SourceDate "2023.11.12"]
[SourceVersion "1"]
[SourceVersionDate "2023.11.12"]
[SourceQuality "1"]

1. e4 c5 2. Nf3 d6 3. Bb5+ Nd7 4. 0-0 Ngf6 5. Nc3 a6 6. Be2 e5 7. a4 Be7 8. Bc4 0-0 9. d3 h6 10. Nd2 Re8 11. a5 Nf8 12. Nd5 Nxd5 13. Bxd5 Rb8 14. Nc4 Be6 15. f4 Bxd5 16. exd5 Bf6 17. f5 Nh7 18. Qg4 Kf8 19. Ra4 Qc7 20. Nb6 Bd8 21. Qg3 Nf6 22. Rh4 Ng8 23. Rg4 f6 24. Nc4 Re7 25. Qh3 Rf7 26. Rf3 Ne7 27. Bxh6 Ke8 28. Qh5 gxh6 29. Rg7 Nxf5 30. Rxf5 Kf8 31. Nxd6 Kxg7 32. Ne8+ Kh7 33. Nxc7 Rxc7 34. Rf3 Rg7 35. Qf5+ Kg8 36. Rh3 Bxa5 37. Qe6+ Kh7 38. Qxf6 Bd2 39. Qf5+ Kg8 40. Rg3 Bg5 41. h4 Bf4 42. Rxg7+ Kxg7 43. Qd7+ Kh8 44. Qd6 Rg8 45. Qf6+ Kh7 46. d6 1-0

[Event "Asia-ch Blitz U20"]
[Site "Jamshedpur"]
[Date "2023.09.15"]
[Round "3"]
[White "Mohamed, Anees M"]
[Black "Hari, Madhavan NB"]
[Result "0-1"]
[WhiteElo "2135"]
[BlackElo "2329"]
[PlyCount "96"]
[EventDate "2023.09.15"]
[EventType "swiss (blitz)"]
[EventRounds "9"]
[EventCountry "IND"]
[SourceTitle "EXT 2024"]
[Source "ChessBase"]
[SourceDate "2023.10.10"]
[SourceVersion "1"]
[SourceVersionDate "2023.10.10"]
[SourceQuality "1"]

1. Nf3 Nf6 2. d4 g6 3. c4 Bg7 4. Nc3 0-0 5. g3 d6 6. Bg2 Nbd7 7. 0-0 c6 8. e4 e5 9. h3 Re8 10. Re1 Qc7 11. Be3 a6 12. a4 exd4 13. Nxd4 a5 14. Qc2 Nc5 15. Rad1 Bd7 16. Bf4 Nh5 17. Bc1 Rad8 18. Nde2 Bc8 19. Bg5 f6 20. Be3 f5 21. Nf4 Nf6 22. Bd4 fxe4 23. Nxe4 Nfxe4 24. Bxe4 Bxd4 25. Rxd4 Bf5 26. f3 Ne6 27. Nxe6 Bxe6 28. h4 d5 29. Kh2 dxe4 30. Rdxe4 Bf7 31. h5 gxh5 32. Qc3 Rxe4 33. Rxe4 Re8 34. Rf4 Qe5 35. Qc1 Qe1 36. Qxe1 Rxe1 37. Rf5 Re2+ 38. Kg1 Rxb2 39. Rxa5 Bxc4 40. Rxh5 Bd5 41. Rg5+ Kh8 42. f4 Ra2 43. f5 Rxa4 44. f6 Ra8 45. Rf5 Rf8 46. g4 h6 47. Kf2 Kh7 48. Kg3 Kg6 0-1

[Event "Asia-ch U20"]
[Site "Jamshedpur"]
[Date "2023.09.14"]
[Round "8"]
[White "Kartik, Kumar Singh"]
[Black "Hari, Madhavan NB"]
[Result "0-1"]
[WhiteElo "1901"]
[BlackElo "2425"]
[PlyCount "114"]
[EventDate "2023.09.09"]
[EventType "swiss"]
[EventRounds "9"]
[EventCountry "IND"]
[SourceTitle "EXT 2024"]
[Source "ChessBase"]
[SourceDate "2023.10.10"]
[SourceVersion "1"]
[SourceVersionDate "2023.10.10"]
[SourceQuality "1"]

1. e4 e6 2. d4 d5 3. Nd2 Nf6 4. e5 Nfd7 5. Bd3 c5 6. c3 Nc6 7. Ne2 cxd4 8. cxd4 f6 9. exf6 Nxf6 10. 0-0 Bd6 11. Nf3 Qc7 12. Bg5 0-0 13. Bh4 Bd7 14. Bg3 Be8 15. Bxd6 Qxd6 16. Ng3 h6 17. Bc2 Rc8 18. Rc1 Rc7 19. Bb1 Nh5 20. Qd3 g5 21. Nxh5 Bxh5 22. Ne5 Nxe5 23. dxe5 Qxe5 24. Rce1 Qf6 25. Qh3 Bf7 26. f4 gxf4 27. Qg4+ Qg5 28. Qxg5+ hxg5 29. Re5 Rfc8 30. Rxg5+ Kf8 31. Rg4 e5 32. Bf5 Re8 33. g3 fxg3 34. hxg3 Ree7 35. Bg6 Ke8 36. Rxf7 Rxf7 37. Rg5 Ke7 38. Bxf7 Kf6 39. Rg6+ Kxf7 40. Rd6 d4 41. Kf1 Ke7 42. Rh6 Rc1+ 43. Ke2 Rc2+ 44. Kd3 Rxb2 45. g4 Rxa2 46. Rh7+ Ke6 47. Rxb7 Ra3+ 48. Kd2 e4 49. g5 Kf5 50. Rb5+ Kf4 51. g6 Ra2+ 52. Kd1 Rg2 53. Rd5 d3 54. Rd6 Ke5 55. Rd7 Rxg6 56. Rxa7 Kd4 57. Rh7 Rg1+ 0-1

[Event "Abu Dhabi op 29th"]
[Site "Abu Dhabi"]
[Date "2023.08.23"]
[Round "8"]
[White "Hari, Madhavan NB"]
[Black "Raja, Rithvik R"]
[Result "1-0"]
[WhiteElo "2418"]
[BlackElo "2502"]
[PlyCount "77"]
[EventDate "2023.08.16"]
[EventType "swiss"]
[EventRounds "9"]
[EventCountry "UAE"]
[SourceTitle "EXT 2024"]
[Source "ChessBase"]
[SourceDate "2023.10.10"]
[SourceVersion "1"]
[SourceVersionDate "2023.10.10"]
[SourceQuality "1"]

1. d4 Nf6 2. c4 e6 3. Nf3 d5 4. Nc3 Bb4 5. cxd5 exd5 6. Bg5 h6 7. Bxf6 Qxf6 8. Qb3 Qd6 9. a3 Bxc3+ 10. bxc3 0-0 11. e3 b6 12. Be2 Be6 13. 0-0 Nd7 14. a4 Rab8 15. Qa3 Qxa3 16. Rxa3 c6 17. Bd3 Rfc8 18. Nd2 Rc7 19. f3 c5 20. Kf2 cxd4 21. cxd4 Rbc8 22. a5 Kf8 23. Rfa1 Ke7 24. axb6 axb6 25. Ke2 Kd6 26. Rb1 Rc1 27. Rb2 R8c3 28. Ra7 Rh1 29. Bb5 Rxh2 30. Kf2 Rh1 31. e4 Rh4 32. exd5 Rxd4 33. Ne4+ Rxe4 34. fxe4 Bg4 35. Bxd7 Bxd7 36. Rxb6+ Kc5 37. Rc7+ Kxb6 38. Rxc3 f6 39. Ke3 1-0

[Event "Abu Dhabi op 29th"]
[Site "Abu Dhabi"]
[Date "2023.08.22"]
[Round "7"]
[White "Nezad, Husein Aziz"]
[Black "Hari, Madhavan NB"]
[Result "0-1"]
[WhiteElo "2315"]
[BlackElo "2418"]
[PlyCount "66"]
[EventDate "2023.08.16"]
[EventType "swiss"]
[EventRounds "9"]
[EventCountry "UAE"]
[SourceTitle "EXT 2024"]
[Source "ChessBase"]
[SourceDate "2023.10.10"]
[SourceVersion "1"]
[SourceVersionDate "2023.10.10"]
[SourceQuality "1"]

1. e4 e6 2. d4 d5 3. Nd2 c5 4. Ngf3 cxd4 5. Nxd4 Nc6 6. Bb5 Bd7 7. Nxc6 bxc6 8. Bd3 Bd6 9. Qe2 e5 10. exd5 cxd5 11. c4 Nf6 12. cxd5 Nxd5 13. Be4 Nf4 14. Qa6 Bc5 15. 0-0 Rb8 16. Nb3 Bb6 17. Bxf4 exf4 18. Rad1 0-0 19. Bxh7+ Kxh7 20. Qd3+ Kg8 21. Qxd7 Qf6 22. Qd2 Rbc8 23. Rc1 f3 24. Rc3 Rfd8 25. Rxc8 Rxc8 26. Rc1 Re8 27. Qd7 Qe5 28. gxf3 Qe2 29. Nd4 Bxd4 30. Qxd4 Re6 31. Rc8+ Kh7 32. Qh4+ Rh6 33. Qe4+ Rg6+ 0-1

[Event "Abu Dhabi op 29th"]
[Site "Abu Dhabi"]
[Date "2023.08.20"]
[Round "5"]
[White "Pranav, V."]
[Black "Hari, Madhavan NB"]
[Result "1-0"]
[WhiteElo "2588"]
[BlackElo "2418"]
[PlyCount "87"]
[EventDate "2023.08.16"]
[EventType "swiss"]
[EventRounds "9"]
[EventCountry "UAE"]
[SourceTitle "EXT 2024"]
[Source "ChessBase"]
[SourceDate "2023.10.10"]
[SourceVersion "1"]
[SourceVersionDate "2023.10.10"]
[SourceQuality "1"]

1. Nf3 Nf6 2. c4 c6 3. e3 d5 4. b3 Bg4 5. Bb2 Nbd7 6. h3 Bh5 7. Be2 e6 8. d3 Bxf3 9. Bxf3 Qa5+ 10. Nc3 Ba3 11. Bxa3 Qxa3 12. Rc1 0-0 13. 0-0 Rad8 14. d4 Rfe8 15. Qc2 h6 16. Rfd1 a6 17. c5 e5 18. Qd2 Qb4 19. a3 Qa5 20. Nxd5 Qxa3 21. Ra1 Qxb3 22. Rdb1 Qc4 23. Rb4 cxd5 24. Rxc4 dxc4 25. Qa5 Rb8 26. Rb1 e4 27. Be2 Rec8 28. Bxc4 b6 29. Qa2 bxc5 30. Bxf7+ Kh8 31. Rxb8 Nxb8 32. Qe6 Nbd7 33. Qxa6 Rf8 34. Be6 cxd4 35. exd4 Re8 36. Qd6 Nf8 37. Bf7 Ra8 38. d5 N8h7 39. Qc6 Rd8 40. Qc7 Rf8 41. d6 Ng5 42. Bc4 e3 43. fxe3 Nge4 44. d7 1-0

[Event "IND-ch 59th"]
[Site "New Delhi"]
[Date "2023.01.03"]
[Round "13"]
[White "Hari, Madhavan NB"]
[Black "Koustav, Chatterjee"]
[Result "1/2-1/2"]
[WhiteElo "2385"]
[BlackElo "2508"]
[PlyCount "135"]
[EventDate "2022.12.22"]
[EventType "swiss"]
[EventRounds "13"]
[EventCountry "IND"]
[SourceTitle "CBM 211 Extra"]
[Source "ChessBase"]
[SourceDate "2023.01.31"]
[SourceVersion "1"]
[SourceVersionDate "2023.01.31"]
[SourceQuality "1"]

1. d4 Nf6 2. c4 e6 3. Nc3 d5 4. cxd5 exd5 5. Bg5 c6 6. e3 Be7 7. Bd3 0-0 8. Qc2 Nbd7 9. Nge2 Re8 10. 0-0 Nf8 11. Bxf6 Bxf6 12. b4 a6 13. a4 g6 14. b5 a5 15. bxc6 bxc6 16. Rad1 Ne6 17. e4 Nxd4 18. Nxd4 Bxd4 19. Ne2 Bf6 20. Qxc6 Bd7 21. Qc2 Rc8 22. Qa2 Rb8 23. Nf4 Rb4 24. Bb5 Bxb5 25. axb5 d4 26. Nd5 Rxb5 27. Qa4 Rxd5 28. exd5 Re7 29. Ra1 Qxd5 30. Qxa5 Qd7 31. Rae1 Kg7 32. Rxe7 Qxe7 33. Re1 Qd7 34. Qd2 h5 35. Qd3 Qc6 36. g3 Qd5 37. h4 Qc6 38. Qe4 Qd7 39. Rd1 Qd8 40. Rd3 Qd7 41. Kg2 Qd6 42. f3 Qd7 43. Rd2 Qc8 44. Rc2 Qd7 45. Rc1 Qb5 46. Rb1 Qc4 47. Rf1 Qc8 48. Qd3 Qe6 49. f4 Qd5+ 50. Qf3 Qe6 51. f5 Qe3 52. fxg6 Qxf3+ 53. Kxf3 fxg6 54. Ke4 Be7 55. Ke5 g5 56. hxg5 Kg6 57. Ke6 Bb4 58. Ke5 Kxg5 59. Rf7 Kg4 60. Rg7+ Kf3 61. Kxd4 Bd6 62. Rh7 Bxg3 63. Rxh5 Kg2 64. Ke3 Bf2+ 65. Ke2 Bg1 66. Rg5+ Kh1 67. Kf1 Bh2 68. Rg6 1/2-1/2

[Event "IND-ch 59th"]
[Site "New Delhi"]
[Date "2022.12.29"]
[Round "8"]
[White "Hari, Madhavan NB"]
[Black "Sai, Vishwesh C"]
[Result "1-0"]
[WhiteElo "2385"]
[BlackElo "2219"]
[PlyCount "105"]
[EventDate "2022.12.22"]
[EventType "swiss"]
[EventRounds "13"]
[EventCountry "IND"]
[SourceTitle "CBM 211 Extra"]
[Source "ChessBase"]
[SourceDate "2023.01.31"]
[SourceVersion "1"]
[SourceVersionDate "2023.01.31"]
[SourceQuality "1"]

1. e4 e5 2. Nf3 Nc6 3. Bb5 a6 4. Bxc6 dxc6 5. d3 Bg4 6. h3 Bxf3 7. Qxf3 Qf6 8. Nd2 Qe6 9. Qg4 Qxg4 10. hxg4 f6 11. Nf1 Kf7 12. g5 Bc5 13. gxf6 gxf6 14. g4 Kg6 15. Ng3 Bf8 16. Ke2 Bh6 17. Nf5 Bg5 18. Rh3 Rd8 19. Be3 Rd7 20. Rah1 h6 21. c3 Rdh7 22. d4 Bxe3 23. Kxe3 Ne7 24. dxe5 fxe5 25. Rh5 a5 26. Nh4+ Kf6 27. Nf3 Ng6 28. Rf5+ Ke6 29. g5 Rf7 30. Rxf7 Kxf7 31. gxh6 Kf6 32. Rh5 Rh7 33. Rf5+ Ke7 34. Nxe5 Rxh6 35. Nxg6+ Rxg6 36. Rxa5 Kd6 37. Ra8 Rg1 38. Rd8+ Ke7 39. Rd2 Rb1 40. f4 Ke6 41. Kd4 b6 42. f5+ Kf6 43. Rg2 Rd1+ 44. Kc4 Ke5 45. Rg7 Rd2 46. Re7+ Kd6 47. f6 b5+ 48. Kb3 Rf2 49. e5+ Kd5 50. f7 c5 51. e6 c4+ 52. Ka3 c5 53. Re8 1-0

[Event "Madurai Athens of the East op 2nd"]
[Site "Madurai"]
[Date "2022.07.03"]
[Round "8"]
[White "Fedorov, Alexei"]
[Black "Hari, Madhavan NB"]
[Result "0-1"]
[WhiteElo "2523"]
[BlackElo "2374"]
[PlyCount "96"]
[EventDate "2022.06.28"]
[EventType "swiss"]
[EventRounds "10"]
[EventCountry "IND"]
[SourceTitle "EXT 2023"]
[Source "ChessBase"]
[SourceDate "2022.10.05"]
[SourceVersion "1"]
[SourceVersionDate "2022.10.05"]
[SourceQuality "1"]

1. e4 e6 2. d4 d5 3. Nc3 Bb4 4. e5 Ne7 5. a3 Bxc3+ 6. bxc3 c5 7. a4 Qa5 8. Bd2 c4 9. h4 Nbc6 10. h5 h6 11. f4 Bd7 12. Ne2 0-0-0 13. g3 f5 14. Bg2 Rdg8 15. Bf3 Be8 16. Qc1 g6 17. hxg6 Nxg6 18. Qa3 Qc7 19. Kf2 Nf8 20. Rh3 Rh7 21. Rah1 Qg7 22. Qd6 Nd8 23. a5 a6 24. Bc1 Nc6 25. Ba3 Qh8 26. Bxd5 exd5 27. Qxd5 Bf7 28. Qf3 Nd7 29. Re1 Re8 30. d5 Ncxe5 31. fxe5 Qxe5 32. Rd1 Nf6 33. d6 Bd5 34. Rxd5 Nxd5 35. Rh5 Ne3 36. Nd4 Qxa5 37. Bc1 Nxc2 38. Nxc2 Rd7 39. Ba3 Qb6+ 40. Kg2 Qb1 41. Qf2 Qd1 42. Rh1 Qd5+ 43. Kh2 f4 44. Nd4 fxg3+ 45. Qxg3 Rg8 46. Qf3 Qe5+ 47. Kh3 Rf7 48. d7+ Kd8 0-1

[Event "Chennai op 13th"]
[Site "Chennai"]
[Date "2022.06.26"]
[Round "10"]
[White "Hari, Madhavan NB"]
[Black "Baghdasaryan, Vahe"]
[Result "1-0"]
[WhiteElo "2374"]
[BlackElo "2267"]
[PlyCount "73"]
[EventDate "2022.06.19"]
[EventType "swiss"]
[EventRounds "10"]
[EventCountry "IND"]
[SourceTitle "CBM 209 Extra"]
[Source "ChessBase"]
[SourceDate "2022.09.30"]
[SourceVersion "1"]
[SourceVersionDate "2022.09.30"]
[SourceQuality "1"]

1. d4 d5 2. c4 c6 3. cxd5 cxd5 4. Nc3 Nf6 5. Bf4 Nc6 6. e3 Bf5 7. Qb3 Na5 8. Qa4+ Bd7 9. Qc2 e6 10. Bd3 Rc8 11. Nf3 Bb4 12. 0-0 Nh5 13. Be5 f6 14. Bxh7 fxe5 15. Qg6+ Kf8 16. Qxh5 Be8 17. Qh3 Bxc3 18. bxc3 Bg6 19. Qxe6 Bxh7 20. Ng5 Rc7 21. Qxe5 Bg8 22. Qf4+ Ke8 23. e4 Nc4 24. Qg3 Rh5 25. h4 dxe4 26. Rfe1 e3 27. fxe3 Rc6 28. Rf1 Rhh6 29. e4 Qc7 30. e5 Rhf6 31. Ne4 Rxf1+ 32. Rxf1 Bd5 33. Qf4 Rh6 34. Nd6+ Kd8 35. h5 Rh8 36. h6 Nxd6 37. exd6 1-0

[Event "Chennai op 13th"]
[Site "Chennai"]
[Date "2022.06.22"]
[Round "6"]
[White "Hari, Madhavan NB"]
[Black "Pranav, KP."]
[Result "1-0"]
[WhiteElo "2374"]
[BlackElo "1564"]
[PlyCount "159"]
[EventDate "2022.06.19"]
[EventType "swiss"]
[EventRounds "10"]
[EventCountry "IND"]
[SourceTitle "CBM 209 Extra"]
[Source "ChessBase"]
[SourceDate "2022.09.30"]
[SourceVersion "1"]
[SourceVersionDate "2022.09.30"]
[SourceQuality "1"]

1. e4 e5 2. Nc3 Nc6 3. g3 Bc5 4. Bg2 d6 5. Nge2 Nge7 6. 0-0 a6 7. d3 0-0 8. Kh1 Be6 9. f4 f5 10. exf5 Nxf5 11. Ne4 Ne3 12. Bxe3 Bxe3 13. Ng5 Qd7 14. Nxe6 Qxe6 15. Nc3 Qd7 16. fxe5 dxe5 17. Qe2 Bd4 18. Bd5+ Kh8 19. Rxf8+ Rxf8 20. Rf1 Rxf1+ 21. Qxf1 Bc5 22. Bxc6 Qxc6+ 23. Ne4 Bd6 24. Qf2 Kg8 25. Kg2 h6 26. b3 b6 27. h4 Qd7 28. Qf3 a5 29. g4 Qf7 30. c3 Qxf3+ 31. Kxf3 Be7 32. h5 Kf7 33. Nd2 Ke6 34. Ke4 b5 35. a4 c6 36. Nf3 Bf6 37. Ne1 Be7 38. Nc2 bxa4 39. bxa4 Bc5 40. Ne1 Be7 41. Nf3 Bf6 42. Nd2 Bd8 43. Nb3 Bb6 44. Nd2 Bc7 45. Nc4 c5 46. Ne3 Bd6 47. Kf3 Kf6 48. Nf1 Ke6 49. Ng3 Bf8 50. Nf5 Kf6 51. Ke4 Ke6 52. Nh4 Be7 53. Nf3 Bd6 54. Nd2 Bc7 55. Nb3 Bb6 56. c4 Kf6 57. Kd5 Kg5 58. Nxc5 Kxg4 59. Nd7 Bc7 60. Kc6 Bd8 61. Nxe5+ Kxh5 62. c5 g5 63. Kd7 Bf6 64. Ke6 Bd8 65. Kf5 Kh4 66. d4 h5 67. d5 Kg3 68. d6 h4 69. c6 h3 70. Ng4 h2 71. Nxh2 Kxh2 72. c7 Bxc7 73. dxc7 g4 74. Kxg4 Kg2 75. c8Q Kf2 76. Qc3 Ke2 77. Kf4 Kd1 78. Qb2 Ke1 79. Ke3 Kf1 80. Qf2# 1-0

[Event "MPL-ch U20 50th"]
[Site "Gurugram"]
[Date "2022.03.12"]
[Round "7"]
[White "Pattnayak, Nilsu"]
[Black "Hari, Madhavan NB"]
[Result "0-1"]
[WhiteElo "1976"]
[BlackElo "2380"]
[PlyCount "42"]
[EventDate "2022.03.09"]
[EventType "swiss"]
[EventRounds "9"]
[EventCountry "IND"]
[SourceTitle "CBM 207 Extra"]
[Source "ChessBase"]
[SourceDate "2022.05.31"]
[SourceVersion "1"]
[SourceVersionDate "2022.05.31"]
[SourceQuality "1"]

1. e4 e6 2. d4 d5 3. Nc3 Bb4 4. e5 c5 5. Bd2 Ne7 6. Nb5 Bxd2+ 7. Qxd2 0-0 8. f4 Nbc6 9. dxc5 b6 10. cxb6 Qxb6 11. c3 Rb8 12. b3 f6 13. exf6 Rxf6 14. Nf3 Ng6 15. g3 e5 16. Nxe5 Ngxe5 17. fxe5 Bg4 18. Qxd5+ Kh8 19. Nd4 Rd8 20. Qe4 Rxd4 21. cxd4 Qb4# 0-1

[Event "MPL-ch U20 50th"]
[Site "Gurugram"]
[Date "2022.03.11"]
[Round "5"]
[White "Ayush, Sharma1111"]
[Black "Hari, Madhavan NB"]
[Result "1/2-1/2"]
[WhiteElo "1312"]
[BlackElo "2380"]
[PlyCount "107"]
[EventDate "2022.03.09"]
[EventType "swiss"]
[EventRounds "9"]
[EventCountry "IND"]
[SourceTitle "CBM 207 Extra"]
[Source "ChessBase"]
[SourceDate "2022.05.31"]
[SourceVersion "1"]
[SourceVersionDate "2022.05.31"]
[SourceQuality "1"]

1. e4 e6 2. d4 d5 3. Nd2 Nf6 4. e5 Nfd7 5. Bd3 c5 6. c3 Nc6 7. Ne2 cxd4 8. cxd4 f6 9. exf6 Nxf6 10. Nf3 Bd6 11. 0-0 Qc7 12. h3 0-0 13. Be3 Bd7 14. Re1 e5 15. dxe5 Nxe5 16. Nc3 Nc4 17. Rc1 Nxe3 18. fxe3 Qa5 19. Nxd5 Bc6 20. Qd2 Qd8 21. Bc4 Kh8 22. Red1 Ne4 23. Qd4 Ng5 24. Ne5 Qe8 25. Nxc6 bxc6 26. Nf4 Rd8 27. Qxa7 Qe5 28. Qd4 Qxd4 29. Rxd4 Bc5 30. Rxd8 Bxe3+ 31. Kh1 Rxd8 32. Ne6 Nxe6 33. Re1 Bd4 34. Rxe6 Bxb2 35. Rxc6 Rd1+ 36. Kh2 Be5+ 37. g3 Rd2+ 38. Kg1 h5 39. g4 hxg4 40. hxg4 g5 41. a4 Rd4 42. a5 Rxg4+ 43. Kf1 Rf4+ 44. Ke2 Bd4 45. a6 Kg7 46. Kd3 Bg1 47. a7 Rf3+ 48. Ke4 Ra3 49. Ba6 Bxa7 50. Rc7+ Kf6 51. Rxa7 Ra4+ 52. Ke3 Ra3+ 53. Kd4 g4 54. Ke4 1/2-1/2

[Event "MPL-ch U20 50th"]
[Site "Gurugram"]
[Date "2022.03.10"]
[Round "3"]
[White "Bagwe, Gaurang"]
[Black "Hari, Madhavan NB"]
[Result "0-1"]
[WhiteElo "1874"]
[BlackElo "2380"]
[PlyCount "84"]
[EventDate "2022.03.09"]
[EventType "swiss"]
[EventRounds "9"]
[EventCountry "IND"]
[SourceTitle "CBM 207 Extra"]
[Source "ChessBase"]
[SourceDate "2022.05.31"]
[SourceVersion "1"]
[SourceVersionDate "2022.05.31"]
[SourceQuality "1"]

1. e4 e6 2. Qe2 c5 3. Nf3 Nc6 4. b3 d6 5. Bb2 e5 6. c3 g6 7. g3 Bg7 8. Bg2 Nge7 9. 0-0 0-0 10. Rd1 f5 11. d3 h6 12. Na3 g5 13. exf5 Nxf5 14. Nc2 Qe8 15. b4 cxb4 16. cxb4 e4 17. dxe4 Bxb2 18. Rab1 Bg7 19. b5 Nd8 20. Qc4+ Be6 21. Qa4 Ne7 22. Rxd6 Nc8 23. Rd3 Qf7 24. Qa5 Nb6 25. Ncd4 Bc4 26. Rd2 g4 27. Nf5 gxf3 28. Bxf3 Be6 29. Bg4 Nc4 30. Qb4 Nxd2 31. Qxd2 Bxf5 32. exf5 Qf6 33. Rc1 Nf7 34. Rc7 Ne5 35. Qd5+ Kh8 36. Bh3 Rf7 37. Qxb7 Rxc7 38. Qxa8+ Qf8 39. Qd5 Bf6 40. a4 Qd8 41. Qe6 Rc1+ 42. Kg2 Qa8+ 0-1